000 00570nam a2200205 i 4500
001 134685
003 ES-MaACL
005 20230906194726.0
007 t|
008 070912s1916 fr ||||1| fre d
100 1 _aWeill, Georges.
_9116344
245 1 2 _aL'Alsace française de 1789 á 1870 /
_cGeorges Weill.
260 _aParis :
_bFelix Alcan,
_c1916.
300 _a134 p. ;
_c21 cm.
490 1 _aCollection rouge
651 4 _aAlsacia-
_xHistoria.
_9165421
830 0 _aCollection rouge
_9186984
852 _aES-MaACL
_j1534-F-9
999 _c134685
_d134685